Quelle agriculture demain?
Práca o francúzskom poľnohospodárstve, o jeho vnútornom prispôsobovaní sa reformám a rokovaniach GATT, čo má hlboký dopad, najmä pokiaľ ide o mlieko, mäso a obilniny. Transformačné faktory. Zrýchlenie technického pokroku. Nová poľnohospodárska revolúcia. Ohrozené regióny. Vývoj produkčných systémov....
Gespeichert in:
| 1. Verfasser: | |
|---|---|
| Format: | Buchkapitel |
| Sprache: | Französisch |
| Schlagworte: | |
| Tags: |
Keine Tags, Fügen Sie das erste Tag hinzu!
|
MARC
| LEADER | 00000naa a2200000 4500 | ||
|---|---|---|---|
| 001 | r011598 | ||
| 005 | 20220913125206.6 | ||
| 041 | 0 | |a fre | |
| 044 | |a FR | ||
| 245 | 1 | 0 | |a Quelle agriculture demain? |c A. Neveu |
| 520 | |a Práca o francúzskom poľnohospodárstve, o jeho vnútornom prispôsobovaní sa reformám a rokovaniach GATT, čo má hlboký dopad, najmä pokiaľ ide o mlieko, mäso a obilniny. Transformačné faktory. Zrýchlenie technického pokroku. Nová poľnohospodárska revolúcia. Ohrozené regióny. Vývoj produkčných systémov. Ceny pôdy. Pravdepodobný vývoj roľníckej výroby a jej financovania. (Economie et finances agricole 1992, č.266.). | ||
| 610 | 2 | 0 | |a poľnohospodárstvo |
| 610 | 2 | 0 | |a Francúzsko |
| 610 | 2 | 0 | |a GATT |
| 610 | 2 | 0 | |a reformy hospodárske |
| 610 | 2 | 0 | |a mlieko |
| 610 | 2 | 0 | |a mäso |
| 610 | 2 | 0 | |a obilniny |
| 610 | 2 | 0 | |a cena pôdy |
| 610 | 2 | 0 | |a podnik poľnohospodársky |
| 100 | 1 | |a Neveu, A. | |